000 01146aam a2200349 4500
005 20250716151854.0
008 150309b2012 xxu||||| |||| 00| 0 spa d
020 _a9789587620542
041 _aESP
082 _a658.408 Q8r
100 _aQuiñónez Riza, Edgar
_917183
245 _aResponsabilidad ambiental empresarial: cómo gerenciar la gestión ambiental en su empresa
260 _aColombia
260 _bDe la U
260 _c2012
300 _a134 páginas
490 _aDirección y Administración de Empresas
650 _aRESPONSABILIDAD SOCIAL DE LA GERENCIA EJECUTIVA
650 _aGERENCIA AMBIENTAL CORPORATIVA
650 _aGERENCIA POR PROYECTOS
650 _aGESTIÓN AMBIENTAL
650 _aRESPONSABILIDAD AMBIENTAL EMPRESARIAL
650 _aESTRATÉGIA CORPORATIVA
650 _aGERENCIA AMBIENTAL CORPORATIVA
650 _aPLANEACION AMBIENTAL
650 _aCULTURA AMBIENTAL CORPORATIVA
650 _aPLANIFICACIÓN DE UNA ESTRATEGIA DE COMUNICACIÓN
650 _aMANEJO DE CONFLICTOS AMBIENTALES
650 _aDESEMPEÑO AMBIENTAL
650 _aVISIÓN DEL CONSUMIDOR
942 _cBK
_2ddc
999 _c3802
_d3802